Encyclopedia of arts and culture. (Record no. 750357)

MARC details
000 -LEADER
fixed length control field 00685nam a2200217Ia 4500
003 - CONTROL NUMBER IDENTIFIER
control field OSt
005 - DATE AND TIME OF LATEST TRANSACTION
control field 20240912170024.0
008 - FIXED-LENGTH DATA ELEMENTS--GENERAL INFORMATION
fixed length control field 220927b |||||||| |||| 00| 0 eng d
020 ## - INTERNATIONAL STANDARD BOOK NUMBER
International Standard Book Number 9781632408013
037 ## - SOURCE OF ACQUISITION
Terms of availability Textual
040 ## - CATALOGING SOURCE
Original cataloging agency SDCL
Transcribing agency SDCL
Language of cataloging eng
041 ## - LANGUAGE CODE
Source of code eng
Language code of text/sound track or separate title eng
100 ## - MAIN ENTRY--PERSONAL NAME
Personal name Parks, Grace Ed.
9 (RLIN) 433957
245 #0 - TITLE STATEMENT
Title Encyclopedia of arts and culture.
260 ## - PUBLICATION, DISTRIBUTION, ETC.
Place of publication, distribution, etc. New York :
Name of publisher, distributor, etc. Clanrye International,
Date of publication, distribution, etc. 2019.
300 ## - PHYSICAL DESCRIPTION
Extent vii,213p.
650 ## - SUBJECT ADDED ENTRY--TOPICAL TERM
Topical term or geographic name entry element Sanskrit
9 (RLIN) 391587
942 ## - ADDED ENTRY ELEMENTS (KOHA)
Classification part Nk Q9 RR
Koha item type Reference
Source of classification or shelving scheme Colon Classification (CC)
Holdings
Withdrawn status Lost status Source of classification or shelving scheme Damaged status Not for loan Home library Current library Date acquired Source of acquisition Total Checkouts Full call number Barcode Date last seen Price effective from Koha item type
    Colon Classification (CC)     South Campus Library South Campus Library 2022-09-28 043, 06/03/2019, Rupa Prkashan   Nk Q9 RR SC1507188 2022-09-28 2022-09-28 Reference
Copyright @ Delhi University Library System